| 000 | 00422nam a2200169 4500 | ||
|---|---|---|---|
| 005 | 20241021100927.0 | ||
| 008 | 241021b |||||||| |||| 00| 0 eng d | ||
| 020 | _a0750658975 | ||
| 082 |
_a624.171 _bHUN-T |
||
| 100 | _aHunt Tony | ||
| 245 |
_aTony Hunts Structures Notebook / _cTony hunt |
||
| 260 |
_aUK _bBritish Library _c2003 |
||
| 300 |
_a102p. _bill; _c27cm. |
||
| 650 | _aManagement | ||
| 999 |
_c36691 _d36691 |
||